000 00651nas a2200229 4500
001 BR9103421
003 BR-BrBNA
005 20231205092105.0
007 ta
008 230509b bl.|||p| |||| 00| 00por d
040 _aBR-BrBNA
_bpor
_cBiblioteca Nacional de Agricultura
041 _a(Pt)
072 _aN20
100 1 _aAnon.
245 1 _aRodas e esteiras na atividade agricola
650 _aTRATOR DE RODA
650 _aTRATOR DE ESTEIRA
650 _aMAQUINA AGRICOLA
773 0 _tDirigente Rural (Brazil)
_xISSN 0012-3374
_g(Mar 1986), v. 25(3) p. 22-25
_wBR9103421
909 _a202311
_bLúcia
_c55
_dLúcia Elande
942 _2AGRIS
_n0
_cANA
999 _c129257
_d129257